Breve historia de américa /

Guardado en:
Autor Principal: Sánchez, Luis Alberto
Formato: Libro
Publicado: Buenos Aires : Losada, 1965
Materias:
Etiquetas: Agregar Etiqueta
Sin Etiquetas, Sea el primero en etiquetar este registro!
LEADER 00458nam a22001695a 4500
001 CEM.cems006155
005 20060214000000.0
008 130507s1965##################000#0#####d
003 CEMS
082 0 4 |a 980 
100 1 |a Sánchez, Luis Alberto 
245 1 0 |a Breve historia de américa / 
260 |a Buenos Aires :  |b Losada,  |c 1965 
300 |a 510 p. 
653 |a Historia 
653 |a Historia de america 
859 |a CEMS  |b BIB. CEMS - 11 de abril  |h 980  |i Sa55  |p 3518.75  |t Ej.1